[Event "European Online CC GpD"]
[Site "Tornelo INT"]
[Date "2021.03.27"]
[Round "1.1"]
[Board "1"]
[White "Howell, David W L"]
[Black "Eren, Ataberk"]
[Result "1-0"]
[WhiteTitle "GM"]
[BlackTitle "FM"]
[WhiteElo "2658"]
[BlackElo "2306"]
[WhiteTeam "4NCL Guildford"]
[BlackTeam "Bursa Buyuksehir Belediyespor"]
[WhiteFideId "410608"]
[BlackFideId "6349765"]
[EventDate "2021.03.27"]
[EventType "team"]

1. c4 Nf6 2. Nc3 e6 3. Nf3 d5 4. e3 c5 5. cxd5 exd5 6. d4 Nc6 7. Bb5 Bd6 8. dxc5
Bxc5 9. O-O O-O 10. b3 Bg4 11. Bb2 Re8 12. Rc1 Bf8 13. h3 Bh5 14. Be2 Rc8 15.
Nh4 Bxe2 16. Nxe2 Ne4 17. Nf3 Qd7 18. Nf4 Rcd8 19. Qc2 Nb4 20. Qb1 Bd6 21. Ne2
Re6 22. Rfd1 Rg6 23. Kf1 Qb5 24. Nd4 Qa6 25. a3 Nc6 26. Qd3 Qb6 27. Qb5 Qxb5 28.
Nxb5 Bb8 29. Rc2 a6 30. Nbd4 Ne7 31. Rdc1 h5 32. a4 Bd6 33. Nf4 Rh6 34. h4 Rd7
35. Nd3 Rg6 36. g3 Rf6 37. Kg2 Rg6 38. Rd1 Bxg3 39. fxg3 Rxg3+ 40. Kh2 Rg4 41.
Ne5 Rxh4+ 42. Kg2 Rd6 43. Ba3 1-0

[Event "European Online CC GpD"]
[Site "Tornelo INT"]
[Date "2021.03.27"]
[Round "1.1"]
[Board "4"]
[White "Erdogmus, Yagiz Kaan"]
[Black "Cheparinov, Ivan"]
[Result "0-1"]
[BlackTitle "GM"]
[WhiteElo "1955"]
[BlackElo "2667"]
[WhiteTeam "Bursa Buyuksehir Belediyespor"]
[BlackTeam "4NCL Guildford"]
[WhiteFideId "44599790"]
[BlackFideId "2905540"]
[EventDate "2021.03.27"]
[EventType "team"]

1. e4 c5 2. Nf3 d6 3. Bb5+ Nd7 4. d4 cxd4 5. Qxd4 a6 6. Bxd7+ Qxd7 7. O-O e5 8.
Qd3 Qc6 9. c4 Be6 10. b3 b5 11. cxb5 Qxb5 12. Rd1 Nf6 13. Nc3 Qxd3 14. Rxd3 Rc8
15. Ba3 d5 16. Bxf8 Kxf8 17. Nxe5 dxe4 18. Re3 Rc5 19. f4 exf3 20. Nxf3 Ng4 21.
Rd3 Ke7 22. Re1 Rhc8 23. Ne4 Rc1 24. h3 Ne5 25. Re3 Nxf3+ 26. gxf3 Rxe1+ 27.
Rxe1 Rc2 28. a4 Bxh3 29. Nc5+ Kd6 30. Nxa6 Rg2+ 31. Kh1 Rb2 32. Re3 h5 33. Rd3+
Ke7 34. Nc5 h4 35. a5 Bg2+ 36. Kg1 h3 37. Re3+ Kd6 38. Ne4+ Ke5 39. Nf2+ Kf5 40.
Rc3 Ra2 41. b4 Kf4 42. Rc4+ Kg3 43. Ne4+ Kxf3 44. Ng5+ Kg3 45. Rc3+ Kg4 46. Nxf7
Ra1+ 47. Kf2 Rf1+ 48. Ke3 Rxf7 49. Rc4+ Kg3 50. Rc5 Rf3+ 51. Ke2 Rf4 52. Rc3+
Bf3+ 53. Ke3 h2 54. Rc7 h1=Q 55. Rxg7+ Bg4 0-1

[Event "European Online CC GpD"]
[Site "Tornelo INT"]
[Date "2021.03.27"]
[Round "1.5"]
[Board "2"]
[White "Roubalik, Jakub"]
[Black "Ibrahimli, Murad"]
[Result "0-1"]
[BlackTitle "IM"]
[WhiteElo "2391"]
[BlackElo "2436"]
[WhiteTeam "Moravska Slavia Brno B"]
[BlackTeam "Ganclik"]
[WhiteFideId "322237"]
[BlackFideId "13410229"]
[EventDate "2021.03.27"]
[EventType "team"]

1. d4 Nf6 2. c4 e6 3. Nf3 d5 4. Nc3 Be7 5. Bg5 O-O 6. e3 h6 7. Bh4 b6 8. cxd5
Nxd5 9. Bxe7 Qxe7 10. Nxd5 exd5 11. Be2 Be6 12. O-O c5 13. dxc5 bxc5 14. Qa4 Nd7
15. Rac1 Rfb8 16. Bb5 a5 17. Rfd1 Nf6 18. b3 Bg4 19. Bc6 Rb4 20. Qa3 Ra6 21.
Bxd5 Nxd5 22. Rxd5 Bxf3 23. gxf3 Qe6 24. Rd8+ Kh7 25. Kf1 Qh3+ 26. Ke2 Rf6 27.
f4 Qg4+ 28. Kf1 Qf3 29. Qb2 Re4 30. Qc2 Rxf4 31. Re8 f5 32. Rxe4 Rxe4 33. Qxc5
Rh4 34. Qc7 Qh5 35. Kg1 a4 36. bxa4 Rxa4 37. Rc4 Rxa2 38. Kg2 Ra6 39. Qe5 Rg6+ 0-1

[Event "European Online CC GpD"]
[Site "Tornelo INT"]
[Date "2021.03.27"]
[Round "2.2"]
[Board "2"]
[White "Ibrahimli, Murad"]
[Black "Nandhidhaa, P V"]
[Result "1-0"]
[WhiteTitle "IM"]
[BlackTitle "WGM"]
[WhiteElo "2436"]
[BlackElo "2365"]
[WhiteTeam "Ganclik"]
[BlackTeam "Tremblay Girls"]
[WhiteFideId "13410229"]
[BlackFideId "5050847"]
[EventDate "2021.03.27"]
[EventType "team"]

1. d4 Nf6 2. c4 e6 3. Nc3 Bb4 4. e3 O-O 5. Bd3 d5 6. Ne2 dxc4 7. Bxc4 c5 8. O-O
cxd4 9. exd4 b6 10. Qd3 Bb7 11. a3 Bd6 12. Qh3 Nc6 13. Rd1 Rc8 14. Ba2 Ne7 15.
Bg5 Ned5 16. Nxd5 Bxd5 17. Bxd5 exd5 18. Nc3 Be7 19. Qf3 g6 20. Re1 Rc6 21. Rxe7
Qxe7 22. Nxd5 Nxd5 23. Bxe7 Nxe7 24. Re1 Rfc8 25. g4 R8c7 26. d5 Rc1 27. Rxc1
Rxc1+ 28. Kg2 Nc8 29. Qf6 Kf8 30. d6 Ke8 31. d7+ Kxd7 32. Qxf7+ Ne7 33. Qxh7 Rc2
34. Qg7 Ke6 35. h4 Rc4 36. f3 Rc5 37. Kg3 Rd5 38. Qh7 Rd2 39. Qh8 Rd5 40. Qh6
Kf7 41. Qf4+ Ke6 42. Qe4+ Kf7 43. f4 a5 44. h5 gxh5 45. f5 hxg4 46. Qe6+ Kf8 47.
f6 Rd3+ 48. Kxg4 Ng8 49. Qc8+ Kf7 50. Qc4+ 1-0

[Event "European Online CC GpD"]
[Site "Tornelo INT"]
[Date "2021.03.27"]
[Round "2.2"]
[Board "3"]
[White "Dauletova, Gulmira"]
[Black "Babazada, Khazar"]
[Result "1/2-1/2"]
[WhiteTitle "WGM"]
[BlackTitle "FM"]
[WhiteElo "2285"]
[BlackElo "2409"]
[WhiteTeam "Tremblay Girls"]
[BlackTeam "Ganclik"]
[WhiteFideId "13702971"]
[BlackFideId "13413554"]
[EventDate "2021.03.27"]
[EventType "team"]

1. e4 Nf6 2. e5 Nd5 3. d4 d6 4. c4 Nb6 5. exd6 cxd6 6. Nc3 g6 7. Be3 Bg7 8. Rc1
O-O 9. b3 Bf5 10. g4 Bd7 11. Bg2 Nc6 12. d5 Ne5 13. h3 e6 14. f4 Nbxc4 15. bxc4
Nxc4 16. Bf2 Qa5 17. Ne2 Rac8 18. O-O e5 19. fxe5 dxe5 20. Ne4 f5 21. gxf5 gxf5
22. Ng5 Rf6 23. Ng3 Rg6 24. Ne6 Bh6 25. Rxc4 Rxc4 26. Nxf5 Qa3 27. Ne7+ Qxe7 28.
Qb3 b5 29. Kh1 Kh8 30. Bg1 Bxe6 31. dxe6 Bf4 32. Qxb5 Rc8 33. Qd7 Qxe6 34. Qxe6
Rxe6 35. Bxa7 Rc2 36. Bd5 Re7 37. Bg1 Rc3 38. Rxf4 Rxh3+ 39. Kg2 Rd3 40. Rf8+
Kg7 41. Rg8+ Kf6 42. Bb3 e4 43. Bf2 Rg7+ 44. Rxg7 Kxg7 45. Bc2 Rd2 46. Bxe4 Rxa2
47. Kf3 Rxf2+ 48. Kxf2 1/2-1/2

[Event "European Online CC GpD"]
[Site "Tornelo INT"]
[Date "2021.03.27"]
[Round "2.3"]
[Board "3"]
[White "Hoffmann, Hendrik"]
[Black "Petkidis, Anthony"]
[Result "1/2-1/2"]
[WhiteTitle "FM"]
[WhiteElo "2242"]
[BlackElo "2401"]
[WhiteTeam "Celtic Tigers"]
[BlackTeam "SG Zurich"]
[WhiteFideId "4618130"]
[BlackFideId "24673390"]
[EventDate "2021.03.27"]
[EventType "team"]

1. e4 e5 2. Nf3 Nc6 3. Nc3 Nf6 4. d4 exd4 5. Nxd4 Bb4 6. Nxc6 bxc6 7. Bd3 O-O 8.
O-O d5 9. exd5 cxd5 10. h3 Re8 11. Qf3 c6 12. Bf4 a5 13. Rad1 a4 14. Ne2 a3 15.
b3 Bc5 16. c4 Be6 17. Bg5 h6 18. Bxf6 Qxf6 19. Qxf6 gxf6 20. Nf4 dxc4 21. Nxe6
fxe6 22. Bxc4 Kf7 23. Rd7+ Re7 24. Rfd1 Re8 25. Kf1 f5 26. Ke2 Kf6 27. Rxe7 Kxe7
28. Rc1 Bd4 29. Bd3 c5 30. g4 Kf6 31. Kf3 fxg4+ 32. hxg4 Kg5 33. Kg3 Be5+ 34.
Kg2 Bd4 35. Kg3 Be5+ 36. Kg2 Bd4 37. Kg3 1/2-1/2

[Event "European Online CC GpD"]
[Site "Tornelo INT"]
[Date "2021.03.27"]
[Round "4.3"]
[Board "4"]
[White "Azadaliyev, Jahandar"]
[Black "Blasco De La Cruz, Luis"]
[Result "1-0"]
[WhiteElo "1883"]
[BlackElo "1902"]
[WhiteTeam "Ganclik"]
[BlackTeam "Club Ajedrez 64 Villalba-Miscasa B"]
[WhiteFideId "13425811"]
[BlackFideId "2219107"]
[EventDate "2021.03.27"]
[EventType "team"]

1. d4 Nf6 2. c4 e5 3. dxe5 Ng4 4. Bf4 Bb4+ 5. Nd2 Nc6 6. Nf3 Qe7 7. a3 Ngxe5 8.
Nxe5 Nxe5 9. e3 Bxd2+ 10. Qxd2 O-O 11. Qc3 d6 12. c5 Ng6 13. cxd6 cxd6 14. Bg3
d5 15. Qd4 Be6 16. Bd3 Rfc8 17. O-O a6 18. Rac1 Qd7 19. Rcd1 Nf8 20. Rd2 f5 21.
Rfd1 Qf7 22. Bb1 Nd7 23. Ba2 Nf6 24. f3 Re8 25. Bh4 Rad8 26. Bxf6 Qxf6 27. Qxf6
gxf6 28. Kf2 Kf7 29. Rd4 Rc8 30. Bxd5 Bxd5 31. Rxd5 Rc2+ 32. R1d2 Rec8 33. Ke2
Ke6 34. Rd6+ Ke7 35. Rd7+ Ke8 36. Rxh7 Rxd2+ 37. Kxd2 Rc5 38. Rxb7 a5 39. b4
axb4 40. axb4 Rd5+ 41. Kc2 Kf8 42. Rc7 Rb5 43. Kc3 Re5 44. Kd4 Rb5 45. Rc4 Kf7
46. e4 fxe4 47. fxe4 Rh5 48. h3 Rg5 49. g4 Rb5 50. Kc3 Re5 51. Kb3 Kg6 52. h4
Kh6 53. Ka4 Kg6 54. b5 Re7 55. b6 Kh6 56. Rb4 Rb7 57. Ka5 Kg6 58. Ka6 1-0

[Event "European Online CC GpD"]
[Site "Tornelo INT"]
[Date "2021.03.28"]
[Round "5.2"]
[Board "1"]
[White "Bauer, Christian"]
[Black "Ivanchuk, Vasyl"]
[Result "1/2-1/2"]
[WhiteTitle "GM"]
[BlackTitle "GM"]
[WhiteElo "2639"]
[BlackElo "2678"]
[WhiteTeam "SG Zurich"]
[BlackTeam "C'Chartres Echecs A"]
[WhiteFideId "603767"]
[BlackFideId "14100010"]
[EventDate "2021.03.27"]
[EventType "team"]

1. e4 e6 2. d4 d5 3. Nc3 Bb4 4. exd5 exd5 5. Bd3 Nc6 6. a3 Ba5 7. Be3 Nf6 8. Ne2
O-O 9. O-O h6 10. h3 Re8 11. Ng3 Bxc3 12. bxc3 Na5 13. Qf3 Nc4 14. Bf4 c6 15.
Rfe1 Rxe1+ 16. Rxe1 Be6 17. Bc1 Rc8 18. Bf5 Qe7 19. a4 Re8 20. Re2 Qd8 21. Bd3
Bd7 22. Rxe8+ Nxe8 23. Nh5 Qe7 24. Kh2 Qe1 25. Bf4 Nd2 26. Qg3 Ne4 27. Bxe4 Qxe4
28. Be5 Qg6 29. Qxg6 fxg6 30. Nf4 Bf5 31. Nd3 Nf6 32. a5 Ne4 33. Nc5 Nxc3 34.
Nxb7 Bxc2 35. Nd8 Ba4 36. a6 Bb5 37. Bb8 Bxa6 38. Nxc6 Bb5 39. Nxa7 Bd7 40. f3
Ne2 41. Be5 g5 42. g3 h5 43. Kg2 h4 44. gxh4 gxh4 45. Kf2 Nc3 46. Bc7 Kf7 47.
Bd8 Bxh3 48. Nc6 Bf5 49. Bxh4 Nb5 50. Ke3 Bh7 51. Ne5+ Ke6 52. Bg5 Bf5 53. Bh4
Nc3 54. Bg5 Nb5 55. Bh4 Nc3 56. Bg5 Nb5 1/2-1/2

[Event "European Online CC GpD"]
[Site "Tornelo INT"]
[Date "2021.03.28"]
[Round "5.3"]
[Board "3"]
[White "Babazada, Khazar"]
[Black "McShane, Luke J"]
[Result "1/2-1/2"]
[WhiteTitle "FM"]
[BlackTitle "GM"]
[WhiteElo "2409"]
[BlackElo "2674"]
[WhiteTeam "Ganclik"]
[BlackTeam "4NCL Guildford"]
[WhiteFideId "13413554"]
[BlackFideId "404853"]
[EventDate "2021.03.27"]
[EventType "team"]

1. e4 e5 2. Nf3 Nc6 3. Bb5 a6 4. Ba4 g6 5. c3 d6 6. O-O Bg7 7. h3 Ne7 8. d4 O-O
9. dxe5 dxe5 10. Qe2 Be6 11. Rd1 Qc8 12. Be3 h6 13. Nbd2 b6 14. Bb3 f5 15. Bxe6+
Qxe6 16. Qc4 Kf7 17. g3 Qxc4 18. Nxc4 Rfd8 19. a4 Ke6 20. Kf1 Rxd1+ 21. Rxd1 Rg8
22. Ke2 Nc8 23. b4 fxe4 24. Nfd2 Nd6 25. Nxd6 cxd6 26. Bxb6 Rb8 27. a5 d5 28.
Nb3 Bf8 29. Bc5 Bg7 30. Bb6 Bf8 31. Bc5 Bg7 32. Be3 Bf8 33. h4 h5 34. Bc5 Bh6
35. Bb6 Bf8 36. Bc5 Bh6 37. Be3 Bf8 38. Bc5 1/2-1/2

[Event "European Online CC GpD"]
[Site "Tornelo INT"]
[Date "2021.03.28"]
[Round "7.1"]
[Board "2"]
[White "Erdogan, Anil Berk"]
[Black "Pelletier, Yannick"]
[Result "1-0"]
[WhiteTitle "CM"]
[BlackTitle "GM"]
[WhiteElo "2155"]
[BlackElo "2581"]
[WhiteTeam "Bursa Buyuksehir Belediyespor"]
[BlackTeam "SG Zurich"]
[WhiteFideId "6348173"]
[BlackFideId "1301837"]
[EventDate "2021.03.27"]
[EventType "team"]

1. e4 c6 2. d4 d5 3. exd5 cxd5 4. c4 Nf6 5. Nc3 Nc6 6. Bg5 Be6 7. Be2 Qa5 8. Bf3
Rd8 9. Ne2 dxc4 10. Bxf6 exf6 11. O-O Bd6 12. d5 Ne5 13. dxe6 Nxf3+ 14. gxf3
Bxh2+ 15. Kxh2 Rxd1 16. exf7+ Kxf7 17. Raxd1 Rd8 18. Ng3 a6 19. Rxd8 Qxd8 20.
Rd1 Qc7 21. Kg2 b5 22. a4 b4 23. Nd5 Qc6 24. Ne3 c3 25. bxc3 b3 26. Ne4 Qxa4 27.
Nd6+ Kf8 28. Nec4 Qa2 29. Re1 g6 30. Re8+ Kg7 31. Re7+ Kh6 32. Rb7 a5 33. Ne3 b2
34. Ng4+ Kg5 35. Kg3 Qd5 36. f4+ 1-0

[Event "European Online CC GpD"]
[Site "Tornelo INT"]
[Date "2021.03.28"]
[Round "7.2"]
[Board "4"]
[White "Gavrilescu, David"]
[Black "Eynullayev, Atilla"]
[Result "1-0"]
[WhiteTitle "IM"]
[BlackTitle "FM"]
[WhiteElo "2476"]
[BlackElo "2347"]
[WhiteTeam "CSU ASE Bucharest"]
[BlackTeam "Ganclik"]
[WhiteFideId "1227190"]
[BlackFideId "13413570"]
[EventDate "2021.03.27"]
[EventType "team"]

1. e4 c5 2. Nf3 d6 3. Bb5+ Nd7 4. c3 Nf6 5. Bd3 a6 6. Bc2 b5 7. d4 e5 8. a4 Rb8
9. O-O g6 10. Qe2 Bg7 11. Na3 c4 12. axb5 axb5 13. b3 cxb3 14. Bxb3 b4 15. Nc4
O-O 16. Nxd6 bxc3 17. Bxf7+ Kh8 18. dxe5 Nxe5 19. Nxe5 Qxd6 20. Bf4 Rb2 21. Qc4
Qb4 22. Ra8 Qxc4 23. Bxc4 Rb4 24. Ba2 Bb7 25. Nf7+ Kg8 26. Nd6+ Kh8 27. Rxf8+
Bxf8 28. Be5 Bg7 29. Bxc3 Rb6 30. Nf7+ Kg8 31. Rd1 1-0

[Event "European Online CC GpD"]
[Site "Tornelo INT"]
[Date "2021.03.28"]
[Round "8.5"]
[Board "4"]
[White "Azadaliyev, Jahandar"]
[Black "Fischer, Daniel"]
[Result "0-1"]
[BlackTitle "FM"]
[WhiteElo "1883"]
[BlackElo "2276"]
[WhiteTeam "Ganclik"]
[BlackTeam "SG Zurich"]
[WhiteFideId "13425811"]
[BlackFideId "1328360"]
[EventDate "2021.03.27"]
[EventType "team"]

1. d4 Nf6 2. c4 e6 3. Nc3 Bb4 4. e3 O-O 5. Ne2 Re8 6. a3 Bf8 7. Ng3 d5 8. Qc2 b6
9. Bd3 Bb7 10. O-O c5 11. Rd1 Nbd7 12. cxd5 exd5 13. dxc5 bxc5 14. b3 Rc8 15.
Bb2 d4 16. Nce4 Nxe4 17. Bxe4 Bxe4 18. Nxe4 Qe7 19. Ng3 dxe3 20. fxe3 Qxe3+ 21.
Kh1 Ne5 22. Nf5 Qg5 23. Rd5 Ng4 24. Rf1 Qf4 25. Ng3 Qh6 26. Rh5 Qg6 27. Qc3 Re3
28. Qc4 Rxg3 29. Rg5 Nf2+ 0-1